| 000 | 00456cam a2200193ua 4500 | ||
|---|---|---|---|
| 020 | _cRs 1.50 | ||
| 041 |
_amal _h |
||
| 082 |
_a894.812 2 _bCHE/SN |
||
| 100 | _aCherukad, . | ||
| 245 |
_aSnehabandhangal / _cCherukad. _hTextual Documents |
||
| 250 |
_a / _b. |
||
| 260 |
_aThrissur : _bCurrent Books , _c1961. |
||
| 300 | _a118 ; . | ||
| 365 | _aRs 1.50 | ||
| 504 | _a | ||
| 650 | _aDrama - Malayalam | ||
| 942 | _cBK | ||
| 999 |
_c454 _d454 |
||